| 000 | 02203nam a22002657a 4500 | ||
|---|---|---|---|
| 003 | GR-AtMCL | ||
| 005 | 20260112105231.0 | ||
| 006 | a|||||r||||||||||| | ||
| 008 | s20251984gr 000 1 gre d | ||
| 020 | _a9789606204067 | ||
| 040 |
_aGR-AtMCL _dGR-AtMCL _bgre _eAACR2 |
||
| 041 | 1 | _heng | |
| 100 |
_aLee, Harper _910239 |
||
| 240 | 1 | 0 |
_aTo kill a mockingbird. _lGreek |
| 245 | 1 | 0 |
_aΌταν σκοτώνουν τα κοτσύφια / _cHarper Lee ; μετάφραση Βικτώρια Τράπαλη. |
| 250 | _a33η εκδ. | ||
| 260 |
_aΑθήνα : _bΕκδόσεις Bell, _c2025. |
||
| 300 |
_a378 σ. ; _c21 εκ. |
||
| 500 | _aΜετάφραση από : To kill a mockingbird. | ||
| 520 | _a"Σκοτώστε όσες κίσες θέλετε, αν μπορείτε να τις πετύχετε, αλλά να θυμάστε ότι είναι αμαρτία να σκοτώσεις τα κοτσύφια". Αυτή είναι η συμβουλή του δικηγόρου Άτικους Φιντς στα παιδιά του, καθώς ο ίδιος αποφασίζει να υπερασπιστεί στο δικαστήριο το πραγματικό "κοτσύφι" αυτής της υπέροχης ιστορίας, έναν νεαρό μαύρο. [...] Το φαινομενικά γαλήνιο και ειρηνικό Μέικομπ της Αλαμπάμα είναι στην πραγματικότητα βουτηγμένο στην προκατάληψη, τη βία και την υποκρισία. Αλλά τη ναρκωμένη συνείδηση της πόλης θα συνταράξει το σθένος ενός ανθρώπου που αγωνίζεται για δικαιοσύνη... Ένα από τα πιο αγαπημένα μυθιστορήματα που γράφτηκαν ποτέ, το "Όταν Σκοτώνουν τα Κοτσύφια" συγκαταλέγεται ανάμεσα στα αξιολογότερα κλασικά έργα της σύγχρονης λογοτεχνίας. | ||
| 650 | 0 |
_aΑμερικανική λογοτεχνία _910235 |
|
| 653 | _aΛογοτεχνία | ||
| 942 | _cBK | ||
| 999 |
_c10031 _d10031 |
||